000 00984nas a2200301 4500
001 BR2021000050
003 BR-BrBNA
005 20231205132112.0
007 ta
008 230509b bl.|||p| |||| 00| 00por d
040 _aBR-BrBNA
_bpor
_cBiblioteca Nacional de Agricultura
041 _a(En)
072 _aH60
100 1 _aKaising, A.
100 1 _aGoulart, I.C.G. dos
100 1 _aMariot, C.H.P.
100 1 _aMenezes, V.G.
100 1 _aMatzenbacher, F. de O.
100 1 _aMerotto Junior, A.
245 1 _aSpatial and temporal evolution of imidazolinone-resitant red rice in 'Clearfield' rice cultivations
650 _aARROZ VERMELHO
650 _aERVA DANINHA
650 _aHERBICIDA
773 0 _tPesquisa Agropecuária Brasileira (Brazil)
_xISSN 1678-3921
_g(2019), v. 54 p. 1-8
_wBR2021000050
856 4 0 _uhttps://www.scielo.br/j/pab/a/jrpdwmJBrHdTvmkFZhFm9DL/?format=pdf lang=en
909 _a202311
_bLúcia
_c55
_dLúcia Elande
942 _2AGRIS
_n0
_cANA
999 _c258480
_d258480